<?xml version="1.0" encoding="UTF-8"?>
<record
    xmlns:xsi="http://www.w3.org/2001/XMLSchema-instance"
    xsi:schemaLocation="http://www.loc.gov/MARC21/slim http://www.loc.gov/standards/marcxml/schema/MARC21slim.xsd"
    xmlns="http://www.loc.gov/MARC21/slim">

  <leader>00299nam a22000977a 4500</leader>
  <datafield tag="082" ind1=" " ind2=" ">
    <subfield code="a">297.63</subfield>
    <subfield code="b">FAU</subfield>
    <subfield code="c">L-39,P-27</subfield>
  </datafield>
  <datafield tag="100" ind1=" " ind2=" ">
    <subfield code="a">Fauz Ur Rehman</subfield>
    <subfield code="9">51083</subfield>
  </datafield>
  <datafield tag="245" ind1=" " ind2=" ">
    <subfield code="a">&#x622;&#x646;&#x62D;&#x636;&#x631;&#x62A; &#x635;&#x644;&#x6CC; &#x627;&#x644;&#x644;&#x6C1; &#x639;&#x644;&#x6CC;&#x6C1; &#x648;&#x633;&#x644;&#x645; &#x67E;&#x62D;&#x62B;&#x6CC;&#x62A; &#x633;&#x67E;&#x6C1; &#x633;&#x627;&#x644;&#x627;&#x631;</subfield>
  </datafield>
  <datafield tag="526" ind1=" " ind2=" ">
    <subfield code="a">0</subfield>
    <subfield code="b">1</subfield>
    <subfield code="c">0</subfield>
    <subfield code="d">297_630000000000000_FAU</subfield>
  </datafield>
  <datafield tag="942" ind1=" " ind2=" ">
    <subfield code="2">ddc</subfield>
    <subfield code="c">BK</subfield>
  </datafield>
  <datafield tag="999" ind1=" " ind2=" ">
    <subfield code="c">553832</subfield>
    <subfield code="d">553832</subfield>
  </datafield>
  <datafield tag="952" ind1=" " ind2=" ">
    <subfield code="0">0</subfield>
    <subfield code="1">0</subfield>
    <subfield code="2">ddc</subfield>
    <subfield code="4">0</subfield>
    <subfield code="7">0</subfield>
    <subfield code="a">MCE</subfield>
    <subfield code="b">MCE</subfield>
    <subfield code="d">2017-04-18</subfield>
    <subfield code="l">1</subfield>
    <subfield code="o">297.63 FAU</subfield>
    <subfield code="p">MCE-41158</subfield>
    <subfield code="r">2017-04-18</subfield>
    <subfield code="s">2017-04-18</subfield>
    <subfield code="w">2017-04-18</subfield>
    <subfield code="y">BK</subfield>
  </datafield>
</record>
